Oscar Wilde or Frank Zappa Quiz Stats

 Plays Quiz not verified by Sporcle

Also try: Begins with 'HU'
Challenge
Share
Tweet
Embed
Score 0/22 Timer 04:00
0 Plays Today
Quote Wilde/Zappa % Correct
Jazz isn't dead. It just smells funny.???
91.9%
My best advice to anyone who wants to raise a happy, mentally healthy child is: Keep him or her as far away from a church as you can.???
86.2%
Take the Kama Sutra. How many people died from the Kama Sutra as opposed to the Bible? Who wins????
86.2%
I never travel without my diary. One should always have something sensational to read in the train.???
85.9%
Information is not knowledge. Knowledge is not wisdom. Wisdom is not truth. Truth is not beauty. Beauty is not love. Love is not music. Music is the best.???
85.2%
I have nothing to declare except my genius.???
82.7%
Tobacco is my favorite vegetable.???
82%
The United States is a nation of laws, badly written and randomly enforced.???
81.3%
I am not young enough to know everything???
80.2%
Some cause happiness wherever they go; others whenever they go.???
76.7%
Without deviation from the norm, progress is not possible.???
76.3%
Quote Wilde/Zappa % Correct
The pure and simple truth is rarely pure and never simple.???
76%
There is no such thing as a dirty word. Nor is there a word so powerful, that it's going to send the listener to the lake of fire upon hearing it.???
75.6%
No good deed goes unpunished.???
75.3%
I am so clever that sometimes I don't understand a single word of what I am saying.???
74.6%
A mind is like a parachute. It doesn't work if it is not open.???
72.1%
You will always be fond of me. I represent to you all the sins you never had the courage to commit.???
70.3%
The books that the world calls immoral are books that show the world its own shame.???
67.1%
Education is an admirable thing, but it is well to remember from time to time that nothing that is worth knowing can be taught.???
66.4%
I don't want to go to heaven. None of my friends are there.???
62.9%
So many books, so little time.???
32.5%
It's better to have something to remember than anything to regret.???
27.6%

You're not logged in!

Compare scores with friends on all Sporcle quizzes.
Join for Free
OR
Log In

You Might Also Like...

Show Comments

Extras

Top Quizzes Today


Score Distribution

Your Account Isn't Verified!

In order to create a playlist on Sporcle, you need to verify the email address you used during registration. Go to your Sporcle Settings to finish the process.

Report this User

Report this user for behavior that violates our Community Guidelines.

Details: